| 000 | 005860000a22001930004500 | ||
|---|---|---|---|
| 020 | _a958-9126-12-X | ||
| 041 | 0 | _aSPA | |
| 082 | 0 | 4 | _aG 363.5 C414d |
| 245 | 1 | 0 | _aLa vivienda en economías informales de cochabamba / Centro de Estudios de la Realidad Económica y Social - CERES |
| 260 | _aMedellín : Univ. Nacional de Colombia | ||
| 300 | _a113 Pág. | ||
| 440 | 0 | _aInvestigaciones; 12 | |
| 650 | 1 | 4 | _aVIVIENDA POPULAR \ BOLIVIA |
| 001 | 14835 | ||
| 942 | _cBK | ||
| 999 |
_c43656 _d43656 |
||
| 336 |
_atexto _btxt _2rdacontent |
||
| 337 |
_2rdamedia _asin mediación _bn |
||
| 338 |
_2rdacarrier _avolumen _bnc |
||